000 00580nam a2200217 a 4500
001 9813
003 CO-ViMGA
008 141112s2004 ck r 000 u spa d
020 _a8477205302
040 _aCO-ViMGA
_bspa
_cCO-ViMGA
082 0 4 _aB 869.3 C63a
100 1 _aCoelho ; Paulo,
_911633
245 1 0 _aEl Alquimista
250 _a1
260 _aBarcelona :
_bEdiciones Obelisco,
_c1996
300 _a204p. : il.
490 _aColección Nueva Consciencia
650 1 4 _aCUENTOS BRASILEÑOS
_911634
650 1 4 _aSUPERACION PERSONAL - CUENTOS
_911635
942 _2ddc
_cBK
999 _c21208
_d21208